01615nab a22002897a 4500999001500000003000400015005001700019008004100036040000700077100003500084245016400119260007200283300001300355500005100368505041400419505008900833650002600922650002700948650003000975650002901005650003501034650002801069650002301097650004901120773014301169942001301312 c6037d6037OSt20260116212923.0190605e xxu||||| |||| 00| 0 spa d cPJ 96169aMosquera, Gerardo Raúl13aLa reviviscencia de la ley laboral más benigna. Muerte y resurrección de las normas derogadas y modificadas por la Ley Bases 27.742 /cGerardo R. Mosquera. aCiudad Autónoma de Buenos Aires :bThomson Reuters La Ley,c2025. ap. 21-39 aCita Online: Cita: TR LALEY AR/DOC/1485/2025. aSumario: I. Introducción.— II. La reviviscencia de la ley.— III. Aplicación de la reviviscencia en el derecho comparado.— IV. La reviviscencia de la ley en el derecho argentino.— V. Tipos de reviviscencia.— VI. Resurrección de las leyes laborales más benignas.— VI. Las normas derogadas son parte del ordenamiento jurídico.— VII. Al infinito y más allá.— VIII. A modo de cierre.  t¿Te interesa el texto completo? Solicitalo al correo: koha@justierradelfuego.gov.ar 091316aDERECHO LABORAL 09234aDERECHO COMPARADO 091323aCONTRATO DE TRABAJO 094597aCONSTITUCIONALIDAD 093533aINTERPRETACION DE LA LEY 091340aMEDIDAS DE FUERZA 091344aIUS VARIANDI 094925aORGANIZACION INTERNACIONAL DEL TRABAJO0 0271193168dCiudad Autónoma de Buenos Aires : Thomson Reuters La Ley, 1999-2002.tRevista de derecho del trabajo. Nº 6 - Noviembre 2025 2udccANA